|
|
|
|
| LEADER |
00000nam0a2200000 4500 |
| 001 |
148361 |
| 005 |
20231031145432.0 |
| 035 |
|
|
|a (RuTPU)RU\TPU\book\160826
|
| 090 |
|
|
|a 148361
|
| 100 |
|
|
|a 20081201d1972 k y0rusy50 ca
|
| 101 |
0 |
|
|a rus
|
| 102 |
|
|
|a RU
|
| 105 |
|
|
|a a z 001zy
|
| 200 |
1 |
|
|a Динамика пластической и сыпучей сред
|f Г. А. Гениев, М. И. Эстрин
|g ЦНИИСК им. Кучеренко
|
| 210 |
|
|
|a Москва
|c Стройиздат
|d 1972
|
| 215 |
|
|
|a 216 с.
|c ил.
|
| 320 |
|
|
|a Библиогр.: с. 213-214.
|
| 610 |
1 |
|
|a пластические среды
|
| 610 |
1 |
|
|a сыпучие среды
|
| 610 |
1 |
|
|a динамика
|
| 610 |
1 |
|
|a идеально пластические среды
|
| 610 |
1 |
|
|a сжимаемые пластические среды
|
| 610 |
1 |
|
|a идеально сыпучие среды
|
| 610 |
1 |
|
|a сжимаемые сыпучие среды
|
| 675 |
|
|
|a 624.042.8
|v 3
|
| 700 |
|
1 |
|a Гениев
|b Г. А.
|
| 701 |
|
1 |
|a Эстрин
|b М. И.
|g Михаил Исаакович
|
| 712 |
0 |
2 |
|a Центральный научно-исследовательский институт строительных конструкций им. В. А. Кучеренко (ЦНИИСК им. Кучеренко)
|2 stltpush
|3 (RuTPU)RU\TPU\col\9545
|
| 801 |
|
1 |
|a RU
|b 63413507
|c 20081201
|g PSBO
|
| 801 |
|
2 |
|a RU
|b 63413507
|c 20090512
|g PSBO
|
| 942 |
|
|
|c BK
|